LIBRARY ONLINE CATALOGUE

Introduction to statistical quality control. (Record no. 6983)

MARC details
000 -LEADER
fixed length control field 00611nam a22002172 4500
001 - CONTROL NUMBER
control field 0000005298
005 - DATE AND TIME OF LATEST TRANSACTION
control field 20151217152001.0
008 - FIXED-LENGTH DATA ELEMENTS--GENERAL INFORMATION
fixed length control field 070611s xx 000 0 eng d
020 ## - INTERNATIONAL STANDARD BOOK NUMBER
International Standard Book Number 0471661228 :
040 ## - CATALOGING SOURCE
Original cataloging agency KABU
Transcribing agency KABU
050 #0 - LIBRARY OF CONGRESS CALL NUMBER
Classification number TS156
Item number .M66 2005
100 1# - MAIN ENTRY--PERSONAL NAME
Personal name Montgomery, Douglas C.
-- 0000154826
245 10 - TITLE STATEMENT
Title Introduction to statistical quality control.
250 ## - EDITION STATEMENT
Edition statement 5th ed.
260 ## - PUBLICATION, DISTRIBUTION, ETC. (IMPRINT)
Place of publication, distribution, etc. Danivers, MA :
Name of publisher, distributor, etc. John Wiley,
Date of publication, distribution, etc. 2005.
300 ## - PHYSICAL DESCRIPTION
Extent xvi, 759 p.
650 #0 - SUBJECT ADDED ENTRY--TOPICAL TERM
Topical term or geographic name as entry element Quality control.
-- 0000155182
908 ## - PUT COMMAND PARAMETER (RLIN)
Put command parameter 070611
950 ## - LOCAL HOLDINGS (RLIN)
-- 1
Holdings
Withdrawn status Lost status Source of classification or shelving scheme Not for loan Home library Current library Date acquired Total Checkouts Full call number Barcode Date last seen Date last checked out Price effective from Koha item type
    Library of Congress Classification   Kabarak, Main Campus Kabarak, Main Campus 17/12/2015 3 TS156 .M66 2005 009544 16/11/2018 15/11/2018 17/12/2015 General Collection